<?xml version="1.0" encoding="UTF-8"?>
<record
    xmlns:xsi="http://www.w3.org/2001/XMLSchema-instance"
    xsi:schemaLocation="http://www.loc.gov/MARC21/slim http://www.loc.gov/standards/marcxml/schema/MARC21slim.xsd"
    xmlns="http://www.loc.gov/MARC21/slim">

  <leader>00696nam a22001577a 4500</leader>
  <controlfield tag="003">OSt</controlfield>
  <controlfield tag="005">20151202152054.0</controlfield>
  <controlfield tag="008">151202b        xxu||||| |||| 00| 0 eng d</controlfield>
  <datafield tag="040" ind1=" " ind2=" ">
    <subfield code="c">RUA</subfield>
  </datafield>
  <datafield tag="082" ind1=" " ind2=" ">
    <subfield code="a">FIS MEN 2002 B174 Or.1</subfield>
  </datafield>
  <datafield tag="100" ind1=" " ind2=" ">
    <subfield code="9">4157</subfield>
    <subfield code="a">MEN, PHALIN.</subfield>
  </datafield>
  <datafield tag="245" ind1=" " ind2=" ">
    <subfield code="a">Community based coastal fisheries resource management thmey village prey thom commune krong kep, &#x1780;&#x17B6;&#x179A;&#x1782;&#x17D2;&#x179A;&#x1794;&#x17CB;&#x1782;&#x17D2;&#x179A;&#x1784;&#x1792;&#x1793;&#x1792;&#x17B6;&#x1793;&#x1787;&#x179B;&#x1795;&#x179B;&#x178F;&#x17C6;&#x1794;&#x1793;&#x17CB;&#x1786;&#x17D2;&#x1793;&#x17C1;&#x179A;&#x1780;&#x17D2;&#x1793;&#x17BB;&#x1784;&#x179F;&#x17A0;&#x1782;&#x1798;&#x1793;&#x17CF;&#x1797;&#x17BC;&#x1798;&#x17B7;&#x1790;&#x17D2;&#x1798;&#x17B8; &#x179F;&#x1784;&#x17D2;&#x1780;&#x17B6;&#x178F;&#x17CB;&#x1796;&#x17D2;&#x179A;&#x17C3;&#x1792;&#x17C6; &#x1781;&#x17CF;&#x178E;&#x17D2;&#x178C;&#x1780;&#x17C2;&#x1794; &#x1780;&#x17D2;&#x179A;&#x17BB;&#x1784;&#x1780;&#x17C2;&#x1794;</subfield>
  </datafield>
  <datafield tag="260" ind1=" " ind2=" ">
    <subfield code="a">Phnom Penh</subfield>
    <subfield code="b">RUA</subfield>
    <subfield code="c">2002</subfield>
  </datafield>
  <datafield tag="300" ind1=" " ind2=" ">
    <subfield code="a">48p.</subfield>
    <subfield code="b">ill.</subfield>
    <subfield code="c">29cm.</subfield>
  </datafield>
  <datafield tag="942" ind1=" " ind2=" ">
    <subfield code="2">ddc</subfield>
    <subfield code="c">FIS</subfield>
  </datafield>
  <datafield tag="999" ind1=" " ind2=" ">
    <subfield code="c">3871</subfield>
    <subfield code="d">3871</subfield>
  </datafield>
  <datafield tag="952" ind1=" " ind2=" ">
    <subfield code="0">0</subfield>
    <subfield code="1">0</subfield>
    <subfield code="2">ddc</subfield>
    <subfield code="4">0</subfield>
    <subfield code="6">FIS_MEN_2002_000000000000000_B174_OR_1</subfield>
    <subfield code="7">0</subfield>
    <subfield code="9">19505</subfield>
    <subfield code="a">LBB</subfield>
    <subfield code="b">LBB</subfield>
    <subfield code="c">B174</subfield>
    <subfield code="d">2015-12-02</subfield>
    <subfield code="l">1</subfield>
    <subfield code="o">FIS MEN 2002 B174 Or.1</subfield>
    <subfield code="p">RUA028145</subfield>
    <subfield code="r">2016-11-04</subfield>
    <subfield code="s">2016-10-14</subfield>
    <subfield code="w">2015-12-02</subfield>
    <subfield code="y">FIS</subfield>
  </datafield>
  <datafield tag="952" ind1=" " ind2=" ">
    <subfield code="0">0</subfield>
    <subfield code="1">0</subfield>
    <subfield code="2">ddc</subfield>
    <subfield code="4">0</subfield>
    <subfield code="6">FIS_MEN_2002_000000000000000_B174_OR_2</subfield>
    <subfield code="7">0</subfield>
    <subfield code="9">19506</subfield>
    <subfield code="a">LBB</subfield>
    <subfield code="b">LBB</subfield>
    <subfield code="c">B174</subfield>
    <subfield code="d">2015-12-02</subfield>
    <subfield code="o">FIS MEN 2002 B174 Or.2</subfield>
    <subfield code="p">RUA010751</subfield>
    <subfield code="r">2015-12-02</subfield>
    <subfield code="w">2015-12-02</subfield>
    <subfield code="y">FIS</subfield>
  </datafield>
  <datafield tag="952" ind1=" " ind2=" ">
    <subfield code="0">0</subfield>
    <subfield code="1">0</subfield>
    <subfield code="2">ddc</subfield>
    <subfield code="4">0</subfield>
    <subfield code="6">FIS_MEN_2002_000000000000000_B174_OR_3</subfield>
    <subfield code="7">0</subfield>
    <subfield code="9">19507</subfield>
    <subfield code="a">LBB</subfield>
    <subfield code="b">LBB</subfield>
    <subfield code="c">B174</subfield>
    <subfield code="d">2015-12-02</subfield>
    <subfield code="o">FIS MEN 2002 B174 Or.3</subfield>
    <subfield code="p">RUA010897</subfield>
    <subfield code="r">2015-12-02</subfield>
    <subfield code="w">2015-12-02</subfield>
    <subfield code="y">FIS</subfield>
  </datafield>
  <datafield tag="952" ind1=" " ind2=" ">
    <subfield code="0">0</subfield>
    <subfield code="1">0</subfield>
    <subfield code="2">ddc</subfield>
    <subfield code="4">0</subfield>
    <subfield code="6">FIS_MEN_2002_000000000000000_B174_OR_4</subfield>
    <subfield code="7">0</subfield>
    <subfield code="9">19508</subfield>
    <subfield code="a">LBB</subfield>
    <subfield code="b">LBB</subfield>
    <subfield code="c">B174</subfield>
    <subfield code="d">2015-12-02</subfield>
    <subfield code="o">FIS MEN 2002 B174 Or.4</subfield>
    <subfield code="p">RUA028839</subfield>
    <subfield code="r">2015-12-02</subfield>
    <subfield code="w">2015-12-02</subfield>
    <subfield code="y">FIS</subfield>
  </datafield>
  <datafield tag="952" ind1=" " ind2=" ">
    <subfield code="0">0</subfield>
    <subfield code="1">0</subfield>
    <subfield code="2">ddc</subfield>
    <subfield code="4">0</subfield>
    <subfield code="6">FIS_MEN_2002_000000000000000_B174_OR_5</subfield>
    <subfield code="7">0</subfield>
    <subfield code="9">19509</subfield>
    <subfield code="a">LBB</subfield>
    <subfield code="b">LBB</subfield>
    <subfield code="c">B174</subfield>
    <subfield code="d">2015-12-02</subfield>
    <subfield code="o">FIS MEN 2002 B174 Or.5</subfield>
    <subfield code="p">RUA010821</subfield>
    <subfield code="r">2015-12-02</subfield>
    <subfield code="w">2015-12-02</subfield>
    <subfield code="y">FIS</subfield>
  </datafield>
</record>
